Arab Republic of Egypt : 2007 Article IV Consultation; Staff Report; Staff Statement; Public Information Notice on the Executive Board Discussion; and Statement by the Executive Director for the Arab Republic of Egypt.

This 2007 Article IV Consultation highlights that sustained and bold reforms, prudent macroeconomic management, and a favorable external environment enabled the Egyptian economy to register another year of impressive performance. Growth remained high and has become more broad based, creating record...

Descripció completa

Dades bibliogràfiques
Autor corporatiu: International Monetary Fund
Format: Revista
Idioma:English
Publicat: Washington, D.C. : International Monetary Fund, 2007.
Col·lecció:IMF Staff Country Reports; Country Report ; No. 2007/380
Accés en línia:Full text available on IMF
LEADER 01799cas a2200241 a 4500
001 AALejournalIMF009722
008 230101c9999 xx r poo 0 0eng d
020 |c 5.00 USD 
020 |z 9781451811889 
022 |a 1934-7685 
040 |a BD-DhAAL  |c BD-DhAAL 
110 2 |a International Monetary Fund. 
245 1 0 |a Arab Republic of Egypt :   |b 2007 Article IV Consultation; Staff Report; Staff Statement; Public Information Notice on the Executive Board Discussion; and Statement by the Executive Director for the Arab Republic of Egypt. 
264 1 |a Washington, D.C. :  |b International Monetary Fund,  |c 2007. 
300 |a 1 online resource (56 pages) 
490 1 |a IMF Staff Country Reports 
500 |a <strong>Off-Campus Access:</strong> No User ID or Password Required 
500 |a <strong>On-Campus Access:</strong> No User ID or Password Required 
506 |a Electronic access restricted to authorized BRAC University faculty, staff and students 
520 3 |a This 2007 Article IV Consultation highlights that sustained and bold reforms, prudent macroeconomic management, and a favorable external environment enabled the Egyptian economy to register another year of impressive performance. Growth remained high and has become more broad based, creating record numbers of jobs. Inflation has returned to single digits after spiking during the year through March 2007. Strong growth and rising equity and real estate prices have boosted domestic demand. Exports also rose sharply, along with worker remittances, Suez Canal receipts, and tourism revenues. 
538 |a Mode of access: Internet 
830 0 |a IMF Staff Country Reports; Country Report ;  |v No. 2007/380 
856 4 0 |z Full text available on IMF  |u http://elibrary.imf.org/view/journals/002/2007/380/002.2007.issue-380-en.xml  |z IMF e-Library